BCIS International Cost Elements Enquiry Report 2009 (Record no. 115322)
[ view plain ]
| 000 -LEADER | |
|---|---|
| fixed length control field | 01426cam a22002295a 4500 |
| 001 - CONTROL NUMBER | |
| control field | L158460 |
| 008 - FIXED-LENGTH DATA ELEMENTS--GENERAL INFORMATION | |
| fixed length control field | 120730s2009 xxk f 000 0 eng d |
| 035 ## - SYSTEM CONTROL NUMBER | |
| System control number | (Sirsi) u158460 |
| 041 0# - LANGUAGE CODE | |
| Language code of text/sound track or separate title | eng |
| 110 2# - MAIN ENTRY--CORPORATE NAME | |
| Corporate name or jurisdiction name as entry element | Building Cost Information Services |
| 9 (RLIN) | 6102 |
| 245 00 - TITLE STATEMENT | |
| Title | BCIS International Cost Elements Enquiry Report 2009 |
| Medium | [electronic resource] |
| 260 ## - PUBLICATION, DISTRIBUTION, ETC. | |
| Place of publication, distribution, etc. | S.I |
| Name of publisher, distributor, etc. | BCIS |
| Date of publication, distribution, etc. | 2009 |
| 505 2# - FORMATTED CONTENTS NOTE | |
| Formatted contents note | Executive summary -- Introduction -- Survey method and questions -- Survey results by question -- Country reports |
| 520 ## - SUMMARY, ETC. | |
| Summary, etc. | Presents information on practices in 40 different countries gleaned from 103 survey responses obtained from surveys of RICS members working overseas and a small group of non-RICS construction cost information professionals. Reports survey information relating to early cost advice to clients, published tender price indices, elemental cost classifications for buildings, most common procurement routes, area measures used in expressing cost/m, construction cost indices, classification of standard building types, key information sources, civil engineering elemental classification, and insurance reinstatement costs source. |
| 521 ## - TARGET AUDIENCE NOTE | |
| Target audience note | Advanced |
| 650 24 - SUBJECT ADDED ENTRY--TOPICAL TERM | |
| Topical term or geographic name entry element | BCIS ELEMENTS |
| 650 24 - SUBJECT ADDED ENTRY--TOPICAL TERM | |
| Topical term or geographic name entry element | BCIS |
| 651 #4 - SUBJECT ADDED ENTRY--GEOGRAPHIC NAME | |
| Geographic name | International |
| 690 ## - LOCAL SUBJECT ADDED ENTRY--TOPICAL TERM (OCLC, RLIN) | |
| Topical term or geographic name as entry element | Quantity surveying |
| 9 (RLIN) | 6263 |
| 856 40 - ELECTRONIC LOCATION AND ACCESS | |
| Uniform Resource Identifier | <a href="https://www.rics.org/Global/2009-BCIS-IntCostEnquiryRpt.pdf">https://www.rics.org/Global/2009-BCIS-IntCostEnquiryRpt.pdf</a> |
| Public note | View this report free of charge at www.rics.org |
| 942 ## - ADDED ENTRY ELEMENTS (KOHA) | |
| Suppress in OPAC | 0 |
| Withdrawn status | Lost status | Source of classification or shelving scheme | Damaged status | Not for loan | Home library | Current library | Shelving location | Date acquired | Total Checkouts | Full call number | Barcode | Date last seen | Copy number | Price effective from | Koha item type |
|---|---|---|---|---|---|---|---|---|---|---|---|---|---|---|---|
| Dewey Decimal Classification | Virtual | Virtual | Online | 09/03/2015 | ONLINE PUBLICATION | 158460-2001 | 06/08/2019 | 1 | 06/08/2019 | Book |